| 000 | 00395nam a2200145 a 4500 | ||
|---|---|---|---|
| 005 | 20140311162956.0 | ||
| 008 | 101005s19uu xx 00 eng d | ||
| 020 | _a1-4018-2580-x | ||
| 100 | _aMandeleco, Barbara L. | ||
| 245 | _aPediatric Nursing Skills & Procedures. | ||
| 260 |
_aAustralia : _bThomson Delmar Learning, _c2005. |
||
| 300 | _a288 | ||
| 650 | _aPediatric Nursing. | ||
| 942 | _cBK | ||
| 999 |
_c39047 _d39047 |
||